000 00610nam a22001817a 4500
005 20150804160316.0
010 _aENG-113308
020 _c395.00
_a9788193071074
035 _aEN-96840
037 _bDBAD/PUB
082 _a362.1989280092
100 _aWilson- Howarth, Jane
245 _aA glimpse of eternal snows :
_cby Jane Wilson-Howarth
_ba journey of love and loss in the Himalayas /
260 _aNew Delhi
_bSpeaking Tiger
_c2015
270 _a4381/4, Ansari Road, Daryaganj,
_bNew Delhi
_e110002
300 _avii,380p.
_c21cm(pbk)
942 _2ddc
_cEN
_mWIL
_h362.1989280092
999 _c94391
_d94391